000 00329nam a22001457a 4500
003 SGT
020 _a9789356964419
082 _a616.024
_bH24M
100 _aMysore, Venkataram
245 _aHair transplantation
250 _a2nd Ed.
260 _aNew Delhi, India
_bJaypee Publishers
_c2024
300 _a760
942 _2ddc
_cBK
999 _c32924
_d32924